[Event "EU-ch Hybrid U14"]
[Site "Tornelo INT"]
[Date "2021.10.15"]
[Round "1"]
[White "Skrbec, Leon"]
[Black "Hoppstaedter, Daniel"]
[Result "1-0"]
[WhiteElo "2091"]
[BlackElo "1656"]
[PlyCount "49"]
[EventDate "2021.10.15"]
[EventType "swiss"]
[EventRounds "9"]
[EventCountry "NET"]
[SourceTitle "EXT 2023"]
[Source "ChessBase"]
[SourceDate "2022.10.05"]
[SourceVersion "1"]
[SourceVersionDate "2022.10.05"]
[SourceQuality "1"]
[WhiteTeam "Slovenia"]
[BlackTeam "Germany"]
[WhiteTeamCountry "SLO"]
[BlackTeamCountry "GER"]

1. e4 c5 2. Nf3 d6 3. d4 cxd4 4. Nxd4 Nf6 5. Nc3 g6 6. Be3 Bg7 7. f3 0-0 8. Qd2 Nc6 9. 0-0-0 d5 10. Nxc6 bxc6 11. Qe1 e5 12. exd5 Nxd5 13. Bc4 Be6 14. Bb3 Re8 15. Ne4 Qc7 16. Nc5 Nxe3 17. Nxe6 Qb6 18. Nxg7 Kxg7 19. Rd7 Nxg2 20. Rxf7+ Kh8 21. Qg3 Qe3+ 22. Kb1 Nf4 23. Qg5 Nd5 24. Qh4 h6 25. Bxd5 1-0

[Event "EU-ch Hybrid U14"]
[Site "Tornelo INT"]
[Date "2021.10.15"]
[Round "6"]
[White "Skrbec, Leon"]
[Black "Vergara Anton, Diego"]
[Result "0-1"]
[WhiteElo "2091"]
[BlackElo "2258"]
[PlyCount "110"]
[EventDate "2021.10.15"]
[EventType "swiss"]
[EventRounds "9"]
[EventCountry "NET"]
[SourceTitle "EXT 2023"]
[Source "ChessBase"]
[SourceDate "2022.10.05"]
[SourceVersion "1"]
[SourceVersionDate "2022.10.05"]
[SourceQuality "1"]
[WhiteTeam "Slovenia"]
[BlackTeam "Spain"]
[WhiteTeamCountry "SLO"]
[BlackTeamCountry "ESP"]

1. e4 e6 2. d4 d5 3. exd5 exd5 4. Bd3 Nc6 5. c3 Bd6 6. Ne2 Qf6 7. 0-0 Nge7 8. Nd2 Bg4 9. Qc2 Ng6 10. Re1 Nce7 11. Nf1 0-0-0 12. Be3 Nh4 13. f4 Bf5 14. Bf2 Nf3+ 15. gxf3 Qg6+ 16. Bg3 Bxd3 17. Qd2 h5 18. Kh1 h4 19. Bf2 Bf5 20. Ne3 Qh5 21. Ng1 Bxf4 22. Qe2 Bd6 23. b4 Qg5 24. Ng4 Bxg4 25. fxg4 h3 26. Qf3 f5 27. gxf5 Qg2+ 28. Qxg2 hxg2+ 29. Kxg2 Rxh2+ 30. Kf1 Rf8 31. Nf3 Rh5 32. Kg2 Rhxf5 33. Re3 R5f6 34. Rg1 Nf5 35. Rd3 Rg6+ 36. Kf1 Rxg1+ 37. Bxg1 Ng3+ 38. Kg2 Ne4 39. Be3 g5 40. Nd2 Nxd2 41. Bxd2 g4 42. Be1 Re8 43. Kf1 Rh8 44. Kg1 Rh3 45. Rd1 Kd7 46. Bd2 Rd3 47. Kf2 Bf4 48. Ke2 Rxd2+ 49. Rxd2 Bxd2 50. Kxd2 Ke6 51. Ke3 Kf5 52. a4 a6 53. a5 Kg5 54. Ke2 Kf4 55. Kf2 Ke4 0-1

[Event "Mestre Sheraton op-A 1st"]
[Site "Mestre"]
[Date "2021.02.28"]
[Round "5"]
[White "Dappiano, Andrea"]
[Black "Skrbec, Leon"]
[Result "1/2-1/2"]
[WhiteElo "2250"]
[BlackElo "1964"]
[PlyCount "76"]
[EventDate "2021.02.26"]
[EventType "swiss"]
[EventRounds "5"]
[EventCountry "ITA"]
[SourceTitle "EXT 2022"]
[Source "ChessBase"]
[SourceDate "2021.10.06"]
[SourceVersion "1"]
[SourceVersionDate "2021.10.06"]
[SourceQuality "1"]

1. e4 e5 2. Bc4 Nf6 3. d3 Nc6 4. Nc3 h6 5. f4 d6 6. Nf3 Bg4 7. h3 Bxf3 8. Qxf3 exf4 9. Bxf4 Be7 10. 0-0 0-0 11. Nd5 Ne5 12. Bxe5 dxe5 13. Nxe7+ Qxe7 14. Rf2 Rad8 15. Raf1 Rd6 16. Qg3 Kh8 17. Rf5 Re8 18. Qf2 a6 19. a4 Rb8 20. Qa7 Rdd8 21. Qe3 Rd6 22. g4 b5 23. axb5 axb5 24. Bb3 c6 25. Qg3 Re8 26. h4 g6 27. R5f2 Rf8 28. Qh3 c5 29. g5 hxg5 30. hxg5+ Nh5 31. Qh4 f6 32. Rg2 fxg5 33. Rxf8+ Qxf8 34. Qxg5 Qf4 35. Qe7 Qc1+ 36. Kh2 Qf4+ 37. Kg1 Qc1+ 38. Kh2 Qf4+ 1/2-1/2

[Event "Mestre Sheraton op-A 1st"]
[Site "Mestre"]
[Date "2021.02.26"]
[Round "1"]
[White "Skrbec, Leon"]
[Black "Marn, Jan"]
[Result "1/2-1/2"]
[WhiteElo "1964"]
[BlackElo "2346"]
[PlyCount "101"]
[EventDate "2021.02.26"]
[EventType "swiss"]
[EventRounds "5"]
[EventCountry "ITA"]
[SourceTitle "EXT 2022"]
[Source "ChessBase"]
[SourceDate "2021.10.06"]
[SourceVersion "1"]
[SourceVersionDate "2021.10.06"]
[SourceQuality "1"]

1. e4 e5 2. Nf3 Nc6 3. Nc3 Nf6 4. d4 exd4 5. Nxd4 Bb4 6. Nxc6 bxc6 7. Bd3 0-0 8. 0-0 Re8 9. Qf3 Rb8 10. Bg5 Be7 11. Rab1 d6 12. h3 Nd7 13. Bxe7 Qxe7 14. Qg3 Nc5 15. b4 Nxd3 16. Qxd3 h6 17. a4 a5 18. b5 cxb5 19. axb5 Bb7 20. f3 Qe5 21. Rfd1 Qc5+ 22. Qd4 Re5 23. Na4 Qxd4+ 24. Rxd4 Bc6 25. c4 Be8 26. Nc3 c6 27. Rxd6 Rc5 28. Rd4 cxb5 29. Nxb5 Ra8 30. Na3 f5 31. Rd5 Rac8 32. Rxf5 Rxf5 33. exf5 Rd8 34. Rb3 a4 35. Rc3 Ra8 36. Kf2 Kf7 37. Ke3 Kf6 38. Kf4 Rb8 39. g4 Rb3 40. Re3 Rxe3 41. Kxe3 Kg5 42. c5 Kh4 43. f4 Kxh3 44. g5 hxg5 45. fxg5 Kg4 46. f6 gxf6 47. gxf6 Kf5 48. Kd4 Kxf6 49. Kd5 Ke7 50. c6 Bxc6+ 51. Kxc6 1/2-1/2

[Event "Balkan-ch U14"]
[Site "Tornelo INT"]
[Date "2020.11.01"]
[Round "6"]
[White "Farmakoski, Georg"]
[Black "Skrbec, Leon"]
[Result "0-1"]
[WhiteElo "1340"]
[BlackElo "1740"]
[PlyCount "82"]
[EventDate "2020.10.31"]
[EventType "swiss"]
[EventRounds "7"]
[EventCountry "NET"]
[SourceTitle "EXT 2023"]
[Source "ChessBase"]
[SourceDate "2022.10.05"]
[SourceVersion "1"]
[SourceVersionDate "2022.10.05"]
[SourceQuality "1"]

1. Nf3 Nf6 2. c4 c5 3. g3 Nc6 4. Nc3 e6 5. d4 cxd4 6. Nxd4 Be7 7. Bg2 0-0 8. 0-0 Qb6 9. Nc2 a6 10. e4 d6 11. b3 Qc7 12. Be3 Bd7 13. Qd2 Rac8 14. h3 Ne5 15. f4 Ng6 16. Qf2 Bc6 17. Nd4 Bd8 18. Nxc6 bxc6 19. g4 d5 20. Bc5 Be7 21. Bxe7 Nxe7 22. e5 Nd7 23. cxd5 cxd5 24. Rac1 Qb6 25. Na4 Qb7 26. Qd4 Nc6 27. Qd2 Rc7 28. Rc2 Rfc8 29. Rfc1 Ne7 30. Rxc7 Rxc7 31. Rxc7 Qxc7 32. Bf1 Ng6 33. Bxa6 Qa7+ 34. Kh2 Qxa6 35. Qb4 Qe2+ 36. Kg1 Qe3+ 37. Kh1 Qxh3+ 38. Kg1 Qxg4+ 39. Kf1 Nxf4 40. Nc5 Qe2+ 41. Kg1 Qg2# 0-1

[Event "Balkan-ch U14"]
[Site "Tornelo INT"]
[Date "2020.11.01"]
[Round "7"]
[White "Skrbec, Leon"]
[Black "Zlatkov, Anton"]
[Result "1-0"]
[WhiteElo "1740"]
[BlackElo "1761"]
[PlyCount "95"]
[EventDate "2020.10.31"]
[EventType "swiss"]
[EventRounds "7"]
[EventCountry "NET"]
[SourceTitle "EXT 2023"]
[Source "ChessBase"]
[SourceDate "2022.10.05"]
[SourceVersion "1"]
[SourceVersionDate "2022.10.05"]
[SourceQuality "1"]

1. e4 c5 2. Nf3 d6 3. d4 cxd4 4. Nxd4 Nf6 5. Nc3 Nc6 6. Be3 e5 7. Ndb5 a6 8. Na3 Be6 9. f3 Be7 10. Be2 0-0 11. 0-0 b5 12. Nd5 Bxd5 13. exd5 Nb8 14. c4 b4 15. Nc2 a5 16. b3 Na6 17. Bd3 Nd7 18. Qe2 Ndc5 19. Rfe1 f5 20. Bf2 g6 21. Rab1 Bf6 22. Qd1 Qd7 23. Bf1 Rae8 24. g3 e4 25. Nd4 Qg7 26. fxe4 fxe4 27. Nb5 Be5 28. Be3 g5 29. Be2 Rf6 30. Rf1 Ref8 31. Qd2 Rxf1+ 32. Rxf1 Rxf1+ 33. Bxf1 h6 34. Bg2 Qf6 35. Qe2 Qg6 36. Qg4 Kg7 37. Nd4 h5 38. Qc8 Qf6 39. Nc6 Bc3 40. Qe8 Nc7 41. Qxh5 Qg6 42. Qxg5 Qxg5 43. Bxg5 Kg6 44. Be3 Kf5 45. Bxc5 dxc5 46. d6 Ne6 47. d7 Bf6 48. Bh3+ 1-0